| 000 | 00696nam a2200229 i 4500 | ||
|---|---|---|---|
| 001 | 179632 | ||
| 003 | ES-MaACL | ||
| 005 | 20250825062725.0 | ||
| 007 | t| | ||
| 008 | 111227s1991 ag b ||||1| spa d | ||
| 020 | _a950-9546-08-9 | ||
| 080 | _a929 Rimbaud, Arthur | ||
| 100 | 1 |
_aCarré, Jean-Marie. _935596 |
|
| 245 | 1 | 0 |
_aVida de Rimbaud / _cJean-Marie Carré. |
| 260 |
_aBuenos Aires : _bLeviatán, _c1991. |
||
| 300 |
_a191 p. ; _c20 cm. |
||
| 600 | 1 | 4 |
_aRimbaud, Arthur, _d1854-1891- _xBiografías _997238 |
| 655 | 0 |
_aBiografías _9176647 |
|
| 852 |
_aES-MaACL _jA-11775 _9186529 _bR.146700 _cDEPO1 _dOlim: N-4780 |
||
| 942 |
_2udc _cMONOGRAFIA |
||
| 999 |
_c179632 _d179632 |
||